Economic implications of the present emergency. (Record no. 56618)

MARC details
000 -LEADER
fixed length control field 00733cam a22002411 4500
001 - CONTROL NUMBER
control field sa 64001174
003 - CONTROL NUMBER IDENTIFIER
control field DLC
005 - DATE AND TIME OF LATEST TRANSACTION
control field 20260227112001.0
008 - FIXED-LENGTH DATA ELEMENTS--GENERAL INFORMATION
fixed length control field 801017s1963 ii a 000 0 eng
010 ## - LIBRARY OF CONGRESS CONTROL NUMBER
LC control number sa 64001174
025 ## - OVERSEAS ACQUISITION NUMBER
Overseas acquisition number PL480:I-E-2255
035 ## - SYSTEM CONTROL NUMBER
System control number (OCoLC)6836607
040 ## - CATALOGING SOURCE
Original cataloging agency DLC
Transcribing agency NIC
Modifying agency DLC
042 ## - AUTHENTICATION CODE
Authentication code premarc
050 00 - LIBRARY OF CONGRESS CALL NUMBER
Classification number HC435
Item number .N3564
110 2# - MAIN ENTRY--CORPORATE NAME
Corporate name or jurisdiction name as entry element National Council of Applied Economic Research.
245 10 - TITLE STATEMENT
Title Economic implications of the present emergency.
260 ## - PUBLICATION, DISTRIBUTION, ETC.
Place of publication, distribution, etc. New Delhi
Date of publication, distribution, etc. [1963]
300 ## - PHYSICAL DESCRIPTION
Extent v, 66 p.
Other physical details tables.
Dimensions 24 cm.
490 1# - SERIES STATEMENT
Series statement Its Occasional papers,
Volume/sequential designation no. 5
651 #0 - SUBJECT ADDED ENTRY--GEOGRAPHIC NAME
Geographic name India
General subdivision Economic policy.
810 2# - SERIES ADDED ENTRY--CORPORATE NAME
Corporate name or jurisdiction name as entry element National Council of Applied Economic Research.
Title of a work Occasional papers,
Volume/sequential designation no. 5.

No items available.

Powered by Koha